000 01101naa a22002897a 4500
001 BR9402030
003 BR-BrBNA
005 20240918181201.0
007 ta
008 230509b bl.||||| |||| 00| 0 por d
040 _aBR-BrBNA
_bpor
_cBiblioteca Nacional de Agricultura
041 _a(Pt)
072 _aF02
_b1123
090 _aF02 BR9402030
100 1 _aMatsumoto, S.N.
100 1 _aSao Jose, A.R.
111 1 _a10. Congresso Brasileiro de Fruticultura
_cFortaleza, CE (Brazil)
_d1-6 Oct 1989
245 1 _aInfluencia de diferentes substratos no enraizamento de estacas de maracujazeiro (Passiflora edulis Sims f. flavicarpa Deg.)
260 3 _aFortaleza, CE (Brasil):
_c1989.
500 _a10. Congresso Brasileiro de Fruticultura. Anais Fortaleza, CE (Brasil): 1989. p. 399-401 (BR9402030-AM)F02
650 _aMaracuja
650 _aEnraizamento de Estaca
650 _aPropagacao Vegetativa
773 0 _t10. Congresso Brasileiro de Fruticultura. Anais
_wF02 BR9402030
_gFortaleza, CE (Brasil), 1989. p. 399-401
909 _a202404
_bLucia
_c55
_dLucia Elande
942 _cAM
_2AGRIS
999 _c324005
_d324005